000 00933nam a2200229Ia 4500
003 Ost
005 20260507075558.0
008 260507s9999||||xx |||||||||||||| ||und||
020 _a9957074229
040 _cfsecg
041 _aara
082 _a500
100 _aبدوي، رمضان مسعد
_eمؤلف
245 0 _aاساسيات الرياضيات الحديثة /
_c رمضان مسعد بدوي
260 _aعمان:
_bدار للنشر و التوزيع,
_c2004
300 _a496 صفحة؛
_bإيضاحات ؛
_c24 سم
504 _aمراجع ص.493
520 _aنظرية المجموعات و كذا الانظمة الرياضية اضافة الى النظم العدية و المبادئ الاساسية للهندسة و هندسة التحويلات :مقدمة في المنطق الرياضي.
653 _aالرياضيات
653 _aالرياضيات الحديثة
942 _cكتاب
999 _c44981
_d44981